| 000 | 00446nam a2200181Ia 4500 | ||
|---|---|---|---|
| 001 | 14064 | ||
| 005 | 20260306164847.0 | ||
| 008 | 260306t1999||||xx |||||||||||||| ||spa|| | ||
| 041 | _aESP | ||
| 082 |
_a006.3 _bY47F |
||
| 100 |
_aYen, John _eAUT |
||
| 245 | 0 |
_aFuzzy logic: _bintelligence, control, and information |
|
| 260 | _c1999 | ||
| 300 |
_axxiv, 548 páginas : _c24 cm. |
||
| 650 | _aGEN | ||
| 654 | _aCCC | ||
| 942 |
_cLIB _dJUS _fJUS _2ddc _n |
||
| 999 |
_c14064 _d14064 |
||